| 000 | 00523cam a2200169 a 4500 | ||
|---|---|---|---|
| 001 | 000008647 | ||
| 005 | 20200929161358.0 | ||
| 008 | 860227s1974 ec 000 0 spa | ||
| 040 |
_aDO-SdBNP _bspa _cBNPHU |
||
| 082 |
_a863.44 _bM779p |
||
| 100 | 1 |
_aMontesinos Malo, Arturo. _923083 |
|
| 245 | 1 | 3 |
_aEl peso de la nube parda / _cArturo Montesinos Malo. |
| 260 |
_aQuito : _bCasa de la Cultura Ecuatoriana, _c1974. |
||
| 300 |
_a477 p. ; _c22 cm. |
||
| 650 | 4 |
_aNovela ecuatoriana _95017 |
|
| 650 | 4 |
_aLiteratura ecuatoriana _93938 |
|
| 999 |
_c8417 _d8417 |
||